Statistics for The 7 churches of the Apocalypse

Click here to take the quiz!

General Stats

  • This quiz has been taken 9 times
  • The average score is 4 of 7

Answer Stats

SourceLocationAnswer% Correct
Apocalypse 2; 1-7

Selçuk, İzmir, Aegean, Turkey

37° 55' 45" N 27° 21' 34" E

Ephesus
86%
Apocalypse 2; 8-11

İzmir, İzmir, Aegean, Turkey

38° 26' N 27° 9' E

Izmir
57%
Apocalypse 3; 14-22Pamukkale (Eski-hissar), Denizli, Aegean, Turkey

37° 50' 09" N 29° 06' 27" E

Laodicea
57%
Apocalypse 3; 7-13

Alaşehir, Manisa, Aegean, Turkey

38° 21' 2" N 28° 31' 13" E

Philadelphia
57%
Apocalypse 2; 12-17

Bergama, İzmir, Aegean, Turkey

39° 7' 33" N 27° 10' 48" E

Pergamum
43%
Apocalypse 3; 1-6

Sart (Sartmahmut), Manisa, Aegean, Turkey

38° 29' 18" N 28° 02' 25" E

Sardis
43%
Apocalypse 2; 18-29

Akhisar, Manisa, Aegean, Turkey

38° 55' 12" N 27° 50' 10" E

Thyatira
29%

Score Distribution

Percentile by Number Answered

Percent of People with Each Score

Your Score History

You have not taken this quiz